[Event "London Chess Classic FIDE Open"]
[Site "London ENG"]
[Date "2010.12.12"]
[Round "5"]
[White "Szalontay, Mihaly"]
[Black "Schweitzer, Werner"]
[Result "1/2-1/2"]
[WhiteElo "1977"]
[BlackElo "2115"]
[WhiteFideId "746967"]
[BlackFideId "1622927"]
[EventDate "2010.12.08"]

1. e4 c6 2. d4 d5 3. Nc3 dxe4 4. Nxe4 Nd7 5. Bd3 Ngf6 6. Ne2 Nxe4 7. Bxe4 Nf6 8.
Bd3 g6 9. c3 Bg7 10. Bg5 Qd5 11. Bxf6 Bxf6 12. Nf4 Qd6 13. Qf3 e5 14. dxe5 Bxe5
15. Ne2 O-O 16. O-O-O Qc7 17. Ng3 Be6 18. h4 Bxa2 19. h5 Bb3 20. Bc2 Be6 21. Ne4
Qe7 22. Qe3 Bd5 23. Rde1 Qc7 24. Qh3 Rae8 25. Qh4 Qe7 26. hxg6 Qxh4 27. gxf7+
Rxf7 28. Rxh4 Ree7 29. g3 Kf8 30. f4 Bc7 31. Kd2 Bb6 32. Rh2 Rg7 33. Ng5 Rxe1
34. Kxe1 Re7+ 35. Re2 Rxe2+ 36. Kxe2 h6 37. Nf3 Ke7 38. Nh4 Kf6 39. Bd3 Bf7 40.
Be4 Bh5+ 41. Nf3 a5 42. Kf1 Be3 43. Ne5 Bc1 44. Nd3 Be3 45. Ne5 Bd1 46. Nc4 Bc1
47. Nxa5 Bxb2 1/2-1/2

[Event "London Chess Classic FIDE Open"]
[Site "London ENG"]
[Date "2010.12.12"]
[Round "5"]
[White "McKerracher, Douglas"]
[Black "Millward, Richard"]
[Result "1/2-1/2"]
[WhiteElo "1940"]
[BlackElo "2107"]
[WhiteFideId "2401002"]
[BlackFideId "405698"]
[EventDate "2010.12.08"]

1. e4 c5 2. Nc3 e6 3. g3 Nc6 4. Bg2 d6 5. d3 Nf6 6. f4 a6 7. Nf3 Qc7 8. O-O Be7
9. h3 b6 10. g4 Bb7 11. Be3 O-O-O 12. d4 Na5 13. d5 h6 14. Nd2 Rde8 15. b3 exd5
16. exd5 Nd7 17. Nc4 Bf6 18. Bd2 Re7 19. Re1 Bd4+ 20. Kh1 Rhe8 21. Rxe7 Rxe7 22.
Rb1 Nf6 23. g5 Nxc4 24. bxc4 hxg5 25. fxg5 Bxc3 26. Bxc3 Ne4 27. Qg4+ Qd7 28.
Qxd7+ Kxd7 29. Bxg7 Nd2 30. Rg1 Nxc4 31. h4 Ne3 32. Bf3 Bxd5 33. Bxd5 Nxd5 34.
Rf1 Re4 35. Kg2 Rxh4 36. Kg3 Ra4 37. Rxf7+ Ke6 38. g6 Rxa2 39. c4 Ne3 40. Rf6+
Ke7 41. Rf7+ Ke6 42. Rf6+ Ke7 43. Rf7+ Ke6 44. Rf6+ 1/2-1/2

[Event "London Chess Classic FIDE Open"]
[Site "London ENG"]
[Date "2010.12.12"]
[Round "5"]
[White "Lang, Alexander"]
[Black "Schmitz, Tim"]
[Result "1/2-1/2"]
[WhiteElo "2079"]
[BlackElo "1934"]
[WhiteFideId "4645588"]
[BlackFideId "1270221"]
[EventDate "2010.12.08"]

1. d4 d5 2. Bf4 Nf6 3. e3 c5 4. c3 Qb6 5. Qb3 Nc6 6. Qxb6 axb6 7. Bc7 Bf5 8.
Bxb6 cxd4 9. exd4 Bxb1 10. Rxb1 Rxa2 11. Bb5 e6 12. Ne2 Bd6 13. Nc1 Ra8 14. Nd3
Nd7 15. Bc5 Bxc5 16. Nxc5 Nxc5 17. dxc5 O-O 18. O-O 1/2-1/2

[Event "London Chess Classic FIDE Open"]
[Site "London ENG"]
[Date "2010.12.12"]
[Round "5"]
[White "Nelson, Omowale"]
[Black "Malhotra, Tarun"]
[Result "1-0"]
[WhiteElo "2063"]
[BlackElo "1913"]
[WhiteFideId "7400209"]
[BlackFideId "5020549"]
[EventDate "2010.12.08"]

1. d4 Nf6 2. c4 g6 3. Nc3 Bg7 4. e4 d6 5. Nf3 O-O 6. h3 e5 7. d5 a5 8. Be3 b6 9.
g4 Na6 10. Nd2 Ne8 11. Rg1 Kh8 12. Bd3 Nc5 13. Bc2 Bd7 14. Qf3 h6 15. O-O-O a4
16. a3 Qb8 17. Nb5 c6 18. dxc6 Bxc6 19. Nb1 Bxb5 20. cxb5 Nb3+ 21. Bxb3 axb3 22.
Nc3 d5 23. Rxd5 Nd6 24. Qd1 Nc4 25. Qxb3 Na5 26. Qb4 Rc8 27. Qd6 Qxd6 28. Rxd6
Nc4 29. Rc6 Rxc6 30. bxc6 Nxe3 31. fxe3 Rc8 32. b4 Rxc6 33. Kb2 Rf6 34. Nd5 Rf2+
35. Kb3 b5 36. Rg3 Kg8 37. Nc3 Bf6 38. Nxb5 Bh4 39. Rg1 Rf3 40. Nc3 Rxe3 41. Rg2
Be1 42. Rc2 Bxc3 43. Rxc3 Rxe4 44. b5 Rd4 45. Kc2 Rd8 46. b6 Rb8 47. Rc6 Kf8 48.
a4 Ke7 49. a5 Kd7 50. Rc7+ Kd6 51. Rxf7 Kc5 52. Kd3 Kb5 53. Ra7 h5 54. b7 hxg4
55. hxg4 Kc6 56. a6 Rd8+ 57. Ke3 Kc7 58. Ra8 Rb8 59. Rxb8 Kxb8 60. Ke4 Ka7 61.
Kxe5 Kb8 62. Kd6 g5 63. Kc6 Ka7 64. Kc7 Kxa6 65. b8=Q 1-0

[Event "London Chess Classic FIDE Open"]
[Site "London ENG"]
[Date "2010.12.12"]
[Round "5"]
[White "Seymour, Timothy P"]
[Black "Lappas, Konstantinos"]
[Result "0-1"]
[WhiteElo "2052"]
[BlackElo "1858"]
[WhiteFideId "412112"]
[BlackFideId "4275748"]
[EventDate "2010.12.08"]

1. d4 Nf6 2. c4 c5 3. d5 b5 4. Nf3 bxc4 5. Nc3 d6 6. e4 g6 7. Bxc4 Bg7 8. O-O
O-O 9. Re1 Nbd7 10. a4 a5 11. Bb5 Ba6 12. Qc2 Ne8 13. Bf4 Bxb5 14. axb5 f6 15.
h4 Ne5 16. h5 Nxf3+ 17. gxf3 g5 18. Be3 Qd7 19. Kh2 Nc7 20. Qe2 Rfb8 21. f4 Nxb5
22. fxg5 Nd4 23. Qd1 fxg5 24. Bxg5 Rxb2 25. Ra2 Rab8 26. Rg1 Kh8 27. h6 Be5+ 28.
Kg2 Rxa2 29. Nxa2 Rg8 30. Qh5 Bf4 31. Kh1 Rxg5 32. Rxg5 Bxg5 33. Qxg5 Qh3+ 0-1

[Event "London Chess Classic FIDE Open"]
[Site "London ENG"]
[Date "2010.12.12"]
[Round "5"]
[White "Obiamiwe, Paul"]
[Black "Cork, David J"]
[Result "1-0"]
[WhiteElo "2021"]
[BlackElo "1841"]
[WhiteFideId "8500215"]
[BlackFideId "409723"]
[EventDate "2010.12.08"]

1. Nf3 Nf6 2. c4 d6 3. Nc3 g6 4. g3 Bg7 5. Bg2 O-O 6. O-O c5 7. d4 cxd4 8. Nxd4
a6 9. h3 Qc7 10. b3 Bd7 11. Be3 Nc6 12. Rc1 Nxd4 13. Bxd4 Bc6 14. e4 Qa5 15. Qd3
b5 16. cxb5 axb5 17. a4 bxa4 18. bxa4 Rfb8 19. Rb1 Rb4 20. Rxb4 Qxb4 21. Rb1 Qa3
22. Qc4 Bd7 23. e5 Be6 24. Qb4 Qxb4 25. Rxb4 dxe5 26. Bxa8 exd4 27. Rxd4 Nd7 28.
Rd3 h5 29. Bg2 Nc5 30. Rd8+ Kh7 31. Ne4 Nxa4 32. Ng5+ Kh6 33. Nxe6 fxe6 34. h4
e5 35. Kf1 Nc5 36. Bd5 Bf6 37. Rc8 Nd7 38. Be6 Nb6 39. Rc6 Na4 40. Bb3 Nb2 41.
Bc2 g5 42. Ke2 gxh4 43. gxh4 Kg7 44. Kd2 e4 45. Bxe4 Bxh4 46. Kc1 Bf6 47. Rxf6
Kxf6 48. Kxb2 Ke5 49. Bb7 h4 50. Kc2 Kf4 51. Kd3 h3 52. Be4 h2 53. Bh1 Ke5 54.
Ke3 Kf5 55. Kf3 e5 56. Ke3 Ke6 57. Ke4 Kf6 58. Ke3 Ke6 59. Be4 Kf6 60. Bh1 Kg5
61. Ke4 Kf6 62. Kf3 Kf5 63. Kg3 Kg5 64. f3 Kf5 65. Kxh2 Kg5 66. Kg3 Kh5 67. Kf2
Kg5 68. Ke3 Kf5 69. Bg2 1-0

[Event "London Chess Classic FIDE Open"]
[Site "London ENG"]
[Date "2010.12.12"]
[Round "5"]
[White "De Lagontrie, Jean"]
[Black "Bratteteig, Tore-Inge"]
[Result "1-0"]
[WhiteElo "1948"]
[BlackElo "1656"]
[WhiteFideId "605271"]
[BlackFideId "1510711"]
[EventDate "2010.12.08"]

1. d4 f5 2. e4 fxe4 3. Nc3 Nf6 4. Bg5 e6 5. Bxf6 Qxf6 6. Nxe4 Qg6 7. Bd3 Qxg2 8.
Qh5+ g6 9. Qe5 Rg8 10. Nf6+ Kf7 11. Be4 Qxh1 12. Bxh1 Bg7 13. Qxc7 Bxf6 14. Bxb7
Bxb7 15. Qxb7 Nc6 16. Qxd7+ Ne7 17. c3 Rgd8 18. Qa4 e5 19. Nf3 exd4 20. Nxd4
Bxd4 21. cxd4 a5 22. Rc1 Rd6 23. Rc5 Rad8 24. Qxa5 Rxd4 25. Rc7 Kf6 26. Qc3 Nf5
27. Rc4 Kg5 28. Rxd4 Rxd4 29. b4 Re4+ 30. Kd1 Rd4+ 31. Kc1 Kf4 32. a4 Ke4 33. a5
Rd5 34. a6 Nd4 35. Qe3+ Kf5 36. a7 1-0

[Event "London Chess Classic FIDE Open"]
[Site "London ENG"]
[Date "2010.12.12"]
[Round "5"]
[White "Quinn, John M"]
[Black "Veznik, Michael"]
[Result "1-0"]
[WhiteElo "2149"]
[BlackElo "1819"]
[WhiteFideId "405043"]
[BlackFideId "360287"]
[EventDate "2010.12.08"]

1. d4 Nf6 2. c4 d6 3. Nf3 g6 4. Nc3 Bg7 5. e4 O-O 6. h3 Nfd7 7. Bd3 Nc6 8. Be3
e5 9. d5 Nd4 10. g4 Nc5 11. Bb1 f5 12. gxf5 gxf5 13. Rg1 Nxf3+ 14. Qxf3 f4 15.
Bxc5 dxc5 16. Bd3 Qh4 17. Bf1 Bd7 18. O-O-O Rf6 19. Rd3 a6 20. Kb1 b5 21. Rd2 b4
22. Ne2 a5 23. Nc1 Rh6 24. Nd3 Qe7 25. Qd1 Raa6 26. f3 Rag6 27. Rdg2 Rxg2 28.
Rxg2 Bxh3 29. Rg1 Bd7 30. Qd2 Rg6 31. Qf2 Bf8 32. Rxg6+ hxg6 33. Qh2 Qg7 34. Qg1
Qf6 35. Nf2 Kf7 36. Bh3 Bxh3 37. Nxh3 Be7 38. Nf2 Qh4 39. Ng4 Bd6 40. Kc2 a4 41.
Kd3 Qh8 42. Ke2 Kg7 43. Nf2 Qh4 44. Qd1 b3 45. axb3 axb3 46. Qxb3 Qh2 47. Qa4
Qg1 48. Qd7+ Kf8 49. Qg4 Qxg4 50. Nxg4 Ke8 51. Kf2 Kd8 52. Kg2 Kc8 53. Nf2 Kd7
54. Kh3 Ke7 55. Kg4 Kf6 56. Nh3 Be7 57. Ng5 Bd8 58. Ne6 Be7 59. Nxc7 Bd6 60.
Ne8+ 1-0

[Event "London Chess Classic FIDE Open"]
[Site "London ENG"]
[Date "2010.12.12"]
[Round "5"]
[White "Reutimann, Hans Peter"]
[Black "Gregory, Philip J"]
[Result "0-1"]
[WhiteElo "1792"]
[BlackElo "2096"]
[WhiteFideId "1313886"]
[BlackFideId "407852"]
[EventDate "2010.12.08"]

1. d4 Nf6 2. Nf3 e6 3. Bf4 c5 4. e3 Nc6 5. c3 d5 6. Nbd2 Be7 7. h3 O-O 8. Bd3
Bd7 9. Ne5 Nxe5 10. dxe5 Ne8 11. h4 f5 12. Qf3 Qb6 13. Rb1 Bb5 14. Bc2 Qa6 15.
Ra1 Bd3 16. Bd1 Qb6 17. b3 Qa5 18. b4 cxb4 19. Nb3 Qa3 20. Be2 Qa6 21. c4 Bxc4
22. Nd4 Bxe2 23. Nxe2 Nc7 24. O-O Nb5 25. Qg3 Rac8 26. Bh6 Rf7 27. Nf4 Kh8 28.
Bg5 Nc3 29. Bxe7 Rxe7 30. Kh2 Rec7 31. Qg5 Qc6 32. Rac1 Qd7 33. h5 Ne4 34. Rxc7
Rxc7 35. Qh4 a5 36. Nxe6 Qe7 37. Qxe7 Rxe7 38. Nd4 Rxe5 39. a3 bxa3 40. Rc1 Re8
41. Ra1 Nd6 42. Rxa3 Nc4 43. Rb3 b6 44. Rb5 Rd8 45. Nxf5 Rd7 46. Nd4 Kg8 47. Nc2
Kf7 48. g4 Ke7 49. Kg3 a4 50. Rb4 Ra7 51. e4 a3 52. Nd4 Kd7 53. exd5 a2 54. Nc2
Ra3+ 55. Kh4 Rc3 0-1

[Event "London Chess Classic FIDE Open"]
[Site "London ENG"]
[Date "2010.12.12"]
[Round "5"]
[White "Staneland, Peter E"]
[Black "Segura Del Frago, Imanol"]
[Result "1-0"]
[WhiteElo "1787"]
[BlackElo "2042"]
[WhiteFideId "416576"]
[BlackFideId "22244859"]
[EventDate "2010.12.08"]

1. Nf3 d5 2. c4 d4 3. e3 c5 4. b4 Nc6 5. b5 Nb8 6. exd4 cxd4 7. Bb2 Bg4 8. Bxd4
Nd7 9. Be2 f6 10. Nh4 Be6 11. O-O Qc7 12. d3 O-O-O 13. Qa4 Nc5 14. Bxc5 Qxc5 15.
Nf3 Kb8 16. Nc3 b6 17. d4 Qc7 18. Rac1 g5 19. d5 Bd7 20. Nd4 f5 21. Nc6+ Bxc6
22. bxc6 a5 23. Nb5 Qe5 24. c7+ Kc8 25. cxd8=Q+ Kxd8 26. Rfe1 Nf6 27. Bf3 Ne4
28. Bxe4 fxe4 29. c5 Bg7 30. Qxe4 Qb2 1-0

[Event "London Chess Classic FIDE Open"]
[Site "London ENG"]
[Date "2010.12.12"]
[Round "5"]
[White "Crichton, Martin"]
[Black "Bishop, Geoffrey L"]
[Result "1-0"]
[WhiteElo "1978"]
[BlackElo "1800"]
[WhiteFideId "2500973"]
[BlackFideId "417491"]
[EventDate "2010.12.08"]

1. c4 Nf6 2. Nc3 g6 3. g3 Bg7 4. Bg2 O-O 5. Nf3 d6 6. O-O e5 7. d3 Nc6 8. Rb1 a5
9. a3 Nh5 10. Nd5 Ne7 11. Nxe7+ Qxe7 12. e4 Bg4 13. h3 Bd7 14. Nh4 c6 15. b4
axb4 16. axb4 f5 17. exf5 Bxf5 18. Nxf5 gxf5 19. Qxh5 f4 20. Be4 h6 21. g4 Qd8
22. b5 Qb6 23. Bd2 Qc5 24. bxc6 bxc6 25. g5 hxg5 26. Bh7+ 1-0

[Event "London Chess Classic FIDE Open"]
[Site "London ENG"]
[Date "2010.12.12"]
[Round "5"]
[White "Wernet, Andreas"]
[Black "Siddiqui, Nida Mishraz"]
[Result "1-0"]
[WhiteElo "1978"]
[BlackElo "1791"]
[WhiteFideId "24677787"]
[BlackFideId "7800495"]
[EventDate "2010.12.08"]

1. e4 e5 2. f4 d6 3. Nf3 Nc6 4. Bc4 Nf6 5. Nc3 Bg4 6. d3 Bxf3 7. Qxf3 Nd4 8. Qd1
g6 9. fxe5 dxe5 10. O-O c6 11. Ne2 b5 12. Bg5 Nxe2+ 13. Qxe2 bxc4 14. Bxf6 Qd4+
15. Qf2 Bc5 16. Qxd4 Bxd4+ 17. Kh1 Rg8 18. c3 Bc5 19. dxc4 Bd6 20. Rad1 Bc7 21.
Rd3 Rb8 22. b3 Rd8 23. Bxd8 Bxd8 24. Rfd1 Be7 25. Rd7 a5 26. b4 axb4 27. cxb4
Rg7 28. b5 cxb5 29. cxb5 Bc5 30. a4 Bd4 31. Rb7 Kd8 32. Rc1 g5 33. a5 Rg6 34.
Rxf7 h5 35. b6 Be3 36. b7 1-0

[Event "London Chess Classic FIDE Open"]
[Site "London ENG"]
[Date "2010.12.12"]
[Round "5"]
[White "Caorlin, Marco"]
[Black "McKenna, John R"]
[Result "0-1"]
[WhiteElo "1849"]
[BlackElo "1669"]
[WhiteFideId "1317849"]
[BlackFideId "406180"]
[EventDate "2010.12.08"]

1. e4 c6 2. d4 d5 3. Nc3 g6 4. Bd3 Bg7 5. Nge2 e6 6. O-O Nd7 7. f4 Ne7 8. f5
dxe4 9. Nxe4 exf5 10. Nd6+ Kf8 11. Bc4 Nd5 12. Bb3 N7b6 13. Nc4 Nxc4 14. Bxc4
Be6 15. Bb3 h6 16. c3 Kg8 17. Bc2 Qe7 18. Re1 Kh7 19. Qd3 Rhe8 20. Bd2 Rad8 21.
Nf4 Qc7 22. Nxd5 Bxd5 23. Qh3 Be4 24. Bb3 Re7 25. Re2 Rde8 26. Rae1 a6 27. Qh4
f6 28. Re3 Bd5 29. Bxd5 cxd5 30. Qf2 Re4 31. g3 Qe7 32. Kf1 h5 33. R3e2 Qc7 34.
Bf4 Qc4 35. a3 b5 36. Bc1 Qd3 37. Bf4 a5 38. Bc1 Bf8 39. Bf4 b4 40. axb4 axb4
41. Bd2 bxc3 42. bxc3 Bh6 43. Bxh6 Kxh6 44. h3 Qxc3 45. Rxe4 Rxe4 46. Rxe4 dxe4
47. Ke2 Qc2+ 48. Ke1 Qxf2+ 49. Kxf2 Kg7 50. Ke3 Kf7 0-1

[Event "London Chess Classic FIDE Open"]
[Site "London ENG"]
[Date "2010.12.12"]
[Round "5"]
[White "Miu, Marinel"]
[Black "Kane, Robert"]
[Result "0-1"]
[WhiteElo "1582"]
[BlackElo "1875"]
[WhiteFideId "1220691"]
[BlackFideId "420468"]
[EventDate "2010.12.08"]

1. Nf3 d5 2. b3 Bg4 3. Bb2 Nd7 4. d4 c6 5. Nbd2 Ngf6 6. g3 e6 7. Bg2 Be7 8. O-O
O-O 9. Ne5 Nxe5 10. dxe5 Nd7 11. h3 Bh5 12. g4 Bg6 13. e4 Nc5 14. exd5 cxd5 15.
Bd4 Rc8 16. b4 Ne4 17. Nxe4 dxe4 18. c3 a5 19. a3 f5 20. exf6 Bxf6 21. Qb3 Qd5
22. Qb2 axb4 23. axb4 Bxd4 24. cxd4 Rc4 25. Rfd1 Qg5 26. Qb3 b5 27. Bf1 Rf3 28.
Ra8+ Kf7 29. Qa2 Rc7 30. d5 e3 31. dxe6+ Ke7 32. Qa5 exf2+ 33. Kg2 Rfc3 34. Bxb5
f1=Q+ 35. Kxf1 Qf4+ 36. Ke1 Qg3+ 37. Kf1 Rf3+ 0-1

[Event "London Chess Classic FIDE Open"]
[Site "London ENG"]
[Date "2010.12.12"]
[Round "5"]
[White "Kumar, Shankar"]
[Black "Burnham, Frank"]
[Result "0-1"]
[WhiteElo "1795"]
[BlackElo "1750"]
[WhiteFideId "15600149"]
[BlackFideId "419516"]
[EventDate "2010.12.08"]

1. Nf3 d5 2. c4 e6 3. b3 Nf6 4. Bb2 Nbd7 5. g3 Be7 6. Bg2 O-O 7. O-O c5 8. e3 a6
9. Nc3 Rb8 10. Qe2 Nb6 11. cxd5 exd5 12. d4 c4 13. Ne5 cxb3 14. axb3 Be6 15.
Rac1 Nc8 16. Na4 Na7 17. Nc5 Qb6 18. Ba3 Qd8 19. g4 h6 20. Rc2 Nb5 21. Bb2 Bxc5
22. Rxc5 Rc8 23. Rfc1 Nd6 24. Ba3 Re8 25. f3 Nb5 26. Bb4 a5 27. Qxb5 axb4 28.
Qxb4 Rxc5 29. Rxc5 Nd7 30. Nxd7 Qxd7 31. Bf1 Bxg4 32. fxg4 Qxg4+ 33. Kf2 Qh4+
34. Ke2 Qxh2+ 35. Kd3 Qf2 36. Qd2 Qxf1+ 37. Kc2 Qf5+ 38. Kc3 Qe4 39. Rc7 b6 40.
Qf2 Qxe3+ 41. Qxe3 Rxe3+ 42. Kb4 Re4 0-1

[Event "London Chess Classic FIDE Open"]
[Site "London ENG"]
[Date "2010.12.12"]
[Round "5"]
[White "Haddock, Paul"]
[Black "Lie, Terje"]
[Result "1-0"]
[WhiteElo "1793"]
[BlackElo "1626"]
[WhiteFideId "419150"]
[BlackFideId "1504916"]
[EventDate "2010.12.08"]

1. e4 d6 2. d4 Nf6 3. Nc3 g6 4. Bg5 Bg7 5. Qd2 Nc6 6. f3 e5 7. d5 Ne7 8. O-O-O
Nfg8 9. Kb1 Bd7 10. Nge2 f6 11. Be3 a6 12. Nc1 h5 13. Nb3 b6 14. Be2 Bh6 15. g4
Bxe3 16. Qxe3 hxg4 17. fxg4 f5 18. gxf5 Nxf5 19. exf5 Bxf5 20. Nd4 Rh3 21. Bf3
Qh4 22. Nc6 Rxh2 23. Rxh2 Qxh2 24. Rd2 Qh4 25. Bd1 Qf4 26. Qxf4 exf4 27. Rf2 g5
28. Rg2 Kf7 29. Rxg5 Kf6 30. Rg1 Rf8 31. Bf3 Nh6 32. Kc1 Nf7 33. Ne4+ Bxe4 34.
Bxe4 Ng5 35. Bd3 a5 36. Rf1 f3 37. Rf2 Kg7 38. Nd4 Rf6 39. Kd2 Kf7 40. Ke3 Ke8
41. Nxf3 Nh3 42. Bb5+ Kf7 43. Rh2 Rh6 44. Ng5+ Kg6 45. Nxh3 Kf5 46. Rf2+ Ke5 47.
Nf4 Rh1 48. Bc4 Rb1 49. Ng6# 1-0

[Event "London Chess Classic FIDE Open"]
[Site "London ENG"]
[Date "2010.12.13"]
[Round "6"]
[White "Williams, Simon K"]
[Black "Wall, Gavin"]
[Result "1-0"]
[WhiteTitle "GM"]
[BlackTitle "IM"]
[WhiteElo "2493"]
[BlackElo "2325"]
[WhiteFideId "404454"]
[BlackFideId "2501244"]
[EventDate "2010.12.08"]

1. d4 f5 2. c4 Nf6 3. Nc3 d6 4. Bg5 Nbd7 5. e3 e5 6. Qc2 g6 7. O-O-O c6 8. h3
Be7 9. g4 exd4 10. exd4 h6 11. Bd2 Nf8 12. f3 Ne6 13. Nge2 Ng7 14. Nf4 Kf7 15.
Bd3 g5 16. Nfe2 a6 17. h4 gxh4 18. gxf5 Nfh5 19. f6 Nxf6 20. Bg6+ Ke6 21. d5+
Kd7 22. dxc6+ bxc6 23. Bf4 Qa5 24. Nd4 Kc7 25. Rhe1 Bf8 26. Qd2 Kb7 27. Nb3 Qb4
28. Bxd6 Bxd6 29. Qxd6 Qxd6 30. Rxd6 Nge8 31. Re7+ Kb6 32. c5# 1-0

[Event "London Chess Classic FIDE Open"]
[Site "London ENG"]
[Date "2010.12.13"]
[Round "6"]
[White "Gormally, Daniel W"]
[Black "Jones, Gawain C B"]
[Result "1/2-1/2"]
[WhiteTitle "GM"]
[BlackTitle "GM"]
[WhiteElo "2470"]
[BlackElo "2575"]
[WhiteFideId "406465"]
[BlackFideId "409561"]
[EventDate "2010.12.08"]

1. d4 Nf6 2. Nf3 g6 3. Bg5 Bg7 4. Nbd2 d6 5. c3 h6 6. Bh4 g5 7. Bg3 Nh5 8. e4 e6
9. Ng1 Nxg3 10. hxg3 Nd7 11. Bd3 Qe7 12. Qe2 c5 13. Qe3 a6 14. Ne2 b5 15. a4 Rb8
16. axb5 axb5 17. g4 b4 18. Ra7 bxc3 19. bxc3 Rb7 20. Rxb7 Bxb7 21. Ng3 O-O 22.
Nh5 Bh8 23. O-O cxd4 24. cxd4 Nf6 25. Nxf6+ Qxf6 26. Nf3 Qf4 27. Qxf4 gxf4 28.
Rb1 Ba8 29. Rb6 Rd8 30. Kh2 Kf8 31. g3 f5 32. gxf5 exf5 33. d5 Re8 34. Bb5 Rc8
35. Bd7 Rc2 36. Rb8+ Ke7 37. Bxf5 Rxf2+ 38. Kg1 Rxf3 39. Rxh8 Rxg3+ 40. Kf2 Ra3
41. Rxh6 Ra5 42. Kf3 Bxd5 43. exd5 Rxd5 44. Kxf4 Re5 45. Rh7+ Kf6 46. Bg4 Re1
47. Rd7 Rf1+ 48. Ke4 Re1+ 49. Kd5 Kg5 50. Be6 Rd1+ 51. Kc6 Kf4 52. Bd5 Ke5 53.
Re7+ Kd4 54. Kxd6 Rg1 55. Re4+ Kd3 56. Ra4 Ke3 57. Rh4 Kd3 58. Kc5 Ke3 59. Rh3+
Kf4 60. Kd6 Rg6+ 61. Be6 Rg5 1/2-1/2

[Event "London Chess Classic FIDE Open"]
[Site "London ENG"]
[Date "2010.12.13"]
[Round "6"]
[White "McDonald, Neil"]
[Black "Hebden, Mark L"]
[Result "1/2-1/2"]
[WhiteTitle "GM"]
[BlackTitle "GM"]
[WhiteElo "2449"]
[BlackElo "2560"]
[WhiteFideId "400629"]
[BlackFideId "400084"]
[EventDate "2010.12.08"]

1. e4 e5 2. Nf3 Nc6 3. Bb5 a6 4. Ba4 Nf6 5. O-O Be7 6. Re1 b5 7. Bb3 O-O 8. h3
Bb7 9. d3 d6 10. a3 Na7 11. Nc3 c5 12. Ba2 Rc8 13. Ne2 Kh8 14. Ng3 Ng8 15. b4
cxb4 16. axb4 Nc6 17. Rb1 g6 18. c4 Bf6 19. Be3 Bg7 20. c5 Nd4 21. Nxd4 exd4 22.
Bd2 dxc5 23. bxc5 Nf6 24. f4 Nd7 25. c6 Rxc6 26. Bd5 Rb6 27. Ba5 Bxd5 28. exd5
Qh4 29. Bxb6 Nxb6 30. Qf3 Nxd5 31. Nf5 Qd8 32. Nxg7 Kxg7 33. Re5 Nc3 34. Rbe1
Qd6 35. f5 b4 36. Qb7 Rb8 37. Qa7 Nb5 38. f6+ Kxf6 39. Rf1+ Kxe5 40. Qxf7 Qf8
41. Qxh7 Qxf1+ 42. Kxf1 Nd6 43. Qc7 Rb5 44. Qg7+ Kd5 45. Qg8+ Kc5 46. Qb3 a5 47.
Ke2 Kb6 48. Kd2 Rc5 49. g4 g5 50. Qe6 Kc6 51. Qg8 Nb7 52. h4 gxh4 53. g5 Nd6 54.
g6 Nf5 55. g7 Nxg7 56. Qxg7 b3 57. Qxd4 h3 58. Qa4+ Rb5 59. Kc1 h2 60. Qe4+ Kb6
61. Qg6+ Kc5 62. Qh5+ Kd4 63. Qxh2 Kxd3 64. Qf4 Kc3 65. Qc7+ Kd4 66. Kb2 Kd5 67.
Qc8 Kd6 68. Qc4 Rb6 69. Qa4 Kc7 70. Qxa5 Kc6 71. Qe5 Kb7 72. Qc5 Ka6 73. Qc8+
Ka7 74. Qc7+ Ka6 75. Qd7 Rb4 76. Qc6+ Ka7 77. Qd7+ Ka6 78. Qd3+ Rb5 79. Ka3 b2
80. Qb1 Ka7 81. Ka2 Kb8 82. Ka3 Rb6 83. Ka4 Rb7 84. Ka5 Rb3 85. Ka6 Rb4 86. Qd1
Kc7 87. Qc2+ Kd6 88. Qb1 Kc5 89. Ka5 Rb5+ 90. Ka4 Kc6 91. Ka3 Kb7 92. Qxb2 1/2-1/2

[Event "London Chess Classic FIDE Open"]
[Site "London ENG"]
[Date "2010.12.13"]
[Round "6"]
[White "Barle, Janez"]
[Black "Llaneza Vega, Marcos"]
[Result "1/2-1/2"]
[WhiteTitle "IM"]
[BlackTitle "IM"]
[WhiteElo "2403"]
[BlackElo "2479"]
[WhiteFideId "14600021"]
[BlackFideId "2253585"]
[EventDate "2010.12.08"]

1. e4 c5 2. Ne2 Nc6 3. Nbc3 Nd4 4. Nxd4 cxd4 5. Ne2 Nf6 6. d3 e5 7. f4 d5 8.
fxe5 Ng4 9. Nxd4 Bc5 10. c3 dxe4 11. dxe4 O-O 12. Be2 Qh4+ 13. g3 Qh3 14. Bf1
Qh5 15. Bg2 Qxe5 16. Bf4 Qe7 17. h3 Nf6 18. Qe2 Nxe4 19. Bxe4 Re8 20. Bxh7+ Kxh7
21. Qxe7 Rxe7+ 22. Kd2 Bxd4 23. cxd4 Be6 24. Rhc1 Rd7 25. Be3 Rd5 26. h4 Rb5 27.
b3 a5 28. Rc5 Rxc5 29. dxc5 a4 30. bxa4 Rxa4 31. a3 Kg6 32. Kd3 Kf5 33. Bf4 Kg4
34. Bd6 g5 35. hxg5 Kxg5 36. Kc3 Kg4 37. Kb2 Kf3 38. Rc1 Bd5 39. Re1 Be6 40.
Rf1+ Ke2 41. Rf4 1/2-1/2

[Event "London Chess Classic FIDE Open"]
[Site "London ENG"]
[Date "2010.12.13"]
[Round "6"]
[White "Roy Chowdhury, Saptarshi"]
[Black "Astaneh Lopez, Alex"]
[Result "0-1"]
[WhiteTitle "IM"]
[BlackTitle "FM"]
[WhiteElo "2448"]
[BlackElo "2405"]
[WhiteFideId "5002974"]
[BlackFideId "2501430"]
[EventDate "2010.12.08"]

1. e4 c6 2. d4 d5 3. exd5 cxd5 4. c4 Nf6 5. Nc3 Nc6 6. Nf3 g6 7. cxd5 Nxd5 8.
Bc4 Nb6 9. Bb3 Bg7 10. Be3 O-O 11. h3 Na5 12. O-O Nxb3 13. Qxb3 Be6 14. Qd1 Rc8
15. Re1 Nd5 16. Bd2 Nxc3 17. bxc3 Bd5 18. Ne5 Re8 19. Qa4 a6 20. Rac1 f6 21. Ng4
h5 22. Ne3 Bf7 23. Rb1 Rc7 24. Rb2 Qc8 25. Rb6 Rd8 26. Nf1 Kh7 27. Qa3 Rdd7 28.
Qb2 Rc6 29. a4 Rxb6 30. Qxb6 Qc4 31. a5 Qb3 32. Qc5 Qc4 33. Qb6 Qc7 34. Qb4 Bf8
35. Ng3 Rd5 36. Ne4 Rb5 37. Qa3 Rxa5 38. Qc1 Ra2 39. Bf4 Qc6 40. Ng3 Bd5 41. Re3
Qa4 42. Re1 Qc2 43. Qe3 Rb2 44. Bc7 Kg8 45. Rc1 Rb1 46. Rxb1 Qxb1+ 47. Kh2 h4
48. Ne2 Qe4 49. Qxe4 Bxe4 50. g3 hxg3+ 51. Kxg3 Kf7 52. h4 Ke6 53. f3 Bb1 54.
Nf4+ Kd7 55. Ba5 Bh6 56. Nd5 Bd2 57. Kf2 Ba2 58. Ne3 Bc1 59. Ke2 Ba3 60. Kd2 Bd6 0-1